Advanced engineering mathematics (Record no. 2354)

000 -LEADER
fixed length control field 00457nam a22001937a 4500
001 - CONTROL NUMBER
control field 2354
003 - CONTROL NUMBER IDENTIFIER
control field BD-DhUET
008 - FIXED-LENGTH DATA ELEMENTS--GENERAL INFORMATION
fixed length control field 140922b xxu||||| |||| 00| 0 eng d
020 ## - INTERNATIONAL STANDARD BOOK NUMBER
International Standard Book Number 8121903459
040 ## - CATALOGING SOURCE
Transcribing agency 0
Modifying agency BD-DhUET
082 ## - DEWEY DECIMAL CLASSIFICATION NUMBER
Classification number 510
Item number DAS/2007
100 ## - MAIN ENTRY--PERSONAL NAME
Personal name Dass, H.K.
245 ## - TITLE STATEMENT
Title Advanced engineering mathematics
250 ## - EDITION STATEMENT
Edition statement 17th Rev. ed.
260 ## - PUBLICATION, DISTRIBUTION, ETC. (IMPRINT)
Place of publication, distribution, etc. Ram Nagar
Name of publisher, distributor, etc. S. Chand.
Date of publication, distribution, etc. 2007
300 ## - PHYSICAL DESCRIPTION
Extent xvi,1274p.
650 #0 - SUBJECT ADDED ENTRY--TOPICAL TERM
Topical term or geographic name as entry element Mathematics
942 ## - ADDED ENTRY ELEMENTS (KOHA)
Koha item type General Book
Holdings
Koha date last seen Koha full call number Koha out on loan Lost status Koha item type Source of classification or shelving scheme Location (home branch) Koha issues (times borrowed) Shelving location Koha date last borrowed Sublocation or collection (holding branch) Not for loan Damaged status Date acquired Copy number Withdrawn status Koha normalized classification for sorting Piece designation (barcode) Price effective from
2023-05-06510/DAS/2007  General Book Central Library, BUET3Circulation section2022-11-23Central Library, BUET  2014-09-221 510DAS20071039242014-09-22
2026-01-13510/DAS/20072026-01-27 General Book Central Library, BUET6Circulation section2026-01-13Central Library, BUET  2014-09-222 510DAS20071039252014-09-22
2025-02-10510/DAS/2007  General Book Central Library, BUET4Circulation section2024-12-01Central Library, BUET  2014-09-223 510DAS20071039272014-09-22
2023-06-05510/DAS/2007  General Book Central Library, BUET3Circulation section2023-03-22Central Library, BUET  2014-09-224 510DAS20071039282014-09-22
2016-02-24510/DAS/2007  General Book Central Library, BUET1Circulation section2014-11-12Central Library, BUET  2014-09-225 510DAS20071039292014-09-22
2023-02-28510/DAS/2007  General Book Central Library, BUET2Circulation section2023-01-11Central Library, BUET  2014-09-227 510DAS20071039312014-09-22
2026-05-09510/DAS/2007  General Book Central Library, BUET3Circulation section2026-04-15Central Library, BUET  2014-09-226 510DAS20071039302014-09-22
2019-03-31510/DAS/2007  General Book Central Library, BUET2Circulation section2019-01-20Central Library, BUET  2015-01-268 510_000000000000000_DAS_20071039222015-01-26
2025-04-07510DAS/2007  General Book Central Library, BUET2Circulation section2025-03-02Central Library, BUET  2015-09-019 510DAS_2007_0000000000000001039232015-09-01
2024-11-24510/DAS/20072024-12-08 General Book Central Library, BUET11Circulation section2024-11-24Central Library, BUET  2007-05-2810 510_000000000000000_DAS_20071039262017-05-29